NARENDRA MODI: HARBINGER OF PROSPERAY & APOSITE OF WORLD PEACE (Record no. 8343)

MARC details
000 -LEADER
fixed length control field 00427nam a22001337a 4500
005 - DATE AND TIME OF LATEST TRANSACTION
control field 20230726125009.0
008 - FIXED-LENGTH DATA ELEMENTS--GENERAL INFORMATION
fixed length control field 230726b |||||||| |||| 00| 0 eng d
041 ## - LANGUAGE CODE
Language code of text/sound track or separate title eng
100 ## - MAIN ENTRY--AUTHOR NAME
Personal name AGGARWALA, DR. ADISH C. AGGARWALA & MS. HORAN ELISABETH
245 ## - TITLE STATEMENT
Title NARENDRA MODI: HARBINGER OF PROSPERAY & APOSITE OF WORLD PEACE
260 ## - PUBLICATION, DISTRIBUTION, ETC. (IMPRINT)
Place of publication NEW YORK
Name of publisher USA PUBLICATION & DISTRIBUTION HOUSE, LLC
Year of publication 2020
300 ## - PHYSICAL DESCRIPTION
Number of Pages 364;p
942 ## - ADDED ENTRY ELEMENTS (KOHA)
Koha item type Books
Holdings
Lost status Damaged status Home library Current library Date acquired Source of acquisition Cost, normal purchase price Accession Number Koha item type
    JRU Library JRU Library 25/07/2023 DONATION 10000.00 0015/D Books